22h22 - Josman/Sofiane Pamart - Statistiques

Statistiques générales
  • Ce quiz a été pris 45 fois
  • Le résultat moyen est 198 sur 314
Statistiques - réponses
Réponse % Correct
à
100%
toi
100%
22h22
96%
dis
96%
moi
96%
tu
96%
demande
92%
Je
92%
je
92%
jme
92%
penses
92%
si
92%
jrepense
88%
un
81%
me
77%
que
77%
ce
73%
Dis-moi
73%
Le
73%
le
73%
quand
73%
même
69%
Même
69%
pleures
69%
plus
69%
Et
62%
la
62%
Parfois
62%
parfois
62%
ne
58%
nsais
54%
qui
54%
joint
50%
les
50%
cœur
46%
tas
46%
te
46%
une
42%
dans
38%
Du
38%
est-cque
38%
été
38%
froid
38%
Jai
38%
jai
38%
jamais
38%
locéan
38%
profonde
38%
se
38%
sourire
38%
yeux
38%
briller
35%
dbeuh
35%
mal
35%
piscine
35%
plusieurs
35%
signe
35%
tes
35%
comprendre
31%
damour
31%
faire
31%
humaine
31%
jécrase
31%
paraît
31%
race
31%
ries
31%
tour
31%
confondent
27%
faisaient
27%
fin
27%
jpense
27%
jvais
27%
lourd
27%
Mon
27%
problèmes
27%
racine
27%
remontent
27%
vis
27%
comme
23%
Jcoupe
23%
jcrois
23%
manime
23%
petit
23%
souvenirs
23%
battement
19%
étoile
19%
filante
19%
peu
19%
sentiments
19%
dpaupière
15%
frissons
15%
gonfle
15%
jressens
15%
Jvois
15%
mais
15%
qucest
15%
regrette
15%
souviens
15%
sur
15%
ciel
12%
droit
12%
éteint
12%
leffroi
12%
reste
12%
car
8%
crâne
8%
dur
8%
montgolfière
8%
djeu
4%
ouais
4%
Yeah
4%
cqe
0%
Aucun quiz correspondant
Distribution des résultats
% des personnes avec chaque résultat
Percentile par nombre de réponses
Votre historique - résultats
Vous n’avez pas pris ce quiz